| 000 | 00377pab a2200145 454500 | ||
|---|---|---|---|
| 008 | 180718b1984 xxu||||| |||| 00| 0 eng d | ||
| 100 | _aJohnson, Chalmers | ||
| 245 | _aThe industrial policy debate re - examined | ||
| 260 | _c1984 | ||
| 300 | _a71-89 | ||
| 362 | _aFall | ||
| 650 | _aGovernment and Business - U.S.A. | ||
| 773 | _aCalifornia Management Review | ||
| 909 | _a9100 | ||
| 999 |
_c9100 _d9100 |
||